000 00384nam a2200169Ia 4500
008 180424s9999 xx 000 0 und d
084 _aT7 S49
100 _a"Selvakumari, J"
245 0 _aPenniyam Pesukiren
250 _a\\200500TAMGPCX
260 _aNCBH
260 _b2005
260 _cMadras
300 _a110p.
500 _aincludes index and biblioraphy
942 _cBK
999 _c72653
_d72653